000
00220 a2200097 4500
001
40940
100
_a
Sayed Ameer Ali
245
_a
Aain Ul Hadaya
260
_a
Lahore
_b
Idara Nashriat-e-Islam
_c
090
_c
25186
_d
25186
942
_a
NUST-CAE
_c
M
_c
16876
999
_c
276013
_d
276013